| 000 | 10344cam a2201993 a 4500 | ||
|---|---|---|---|
| 999 | _c54005 | ||
| 001 | 16568707 | ||
| 003 | LIBRIS | ||
| 005 | 20201026132909.0 | ||
| 008 | 140528s2014 sw |||||||||||000 f|swe|d | ||
| 020 | _a9789175470917 | ||
| 035 | _a(BOKR)9789175470917 | ||
| 040 |
_aBOKR _dS _ea |
||
| 041 | 1 |
_aswe _heng |
|
| 082 | 0 | 4 |
_a813.54 _223/swe |
| 084 |
_aHcee.01 _2kssb/8 |
||
| 100 | 1 |
_aGabaldon, Diana _4aut _0https://libris.kb.se/fcrv1qsz5qp4406#it |
|
| 240 | 1 | 0 |
_aOutlander. _lSvenska |
| 245 | 1 | 0 |
_aFrämlingen / _cDiana Gabaldon ; [översättning: Sven Christer Swahn]. |
| 250 | _aJubileumsutg. | ||
| 264 | 1 |
_aStockholm : _bBookmark, _c2014 |
|
| 264 | 3 |
_aFalun : _bScandbook |
|
| 300 |
_a735 s. _c21 cm |
||
| 490 | 1 |
_aOutlanderserien ; _v1 |
|
| 500 | _aOmslag: "Den episka kärlekssagan" | ||
| 500 | _aFörsta svenska upplaga 1992 | ||
| 700 | 1 |
_aSwahn, Sven Christer, _d1933-2005 _4trl _0https://libris.kb.se/zw9cdvth25ffxqh#it |
|
| 800 | 1 |
_aGabaldon, Diana. _tOutlander. _lSvenska ; _v1 |
|
| 887 |
_a{"@id":"wf7gbvw72qjn351","modified":"2019-07-01T08:44:25.985+02:00","checksum":"72790272341"} _2librisxl |
||
| 887 |
_a{"@id":"ht2s3jg6fkzq0h8k","modified":"2020-05-06T16:16:22.608+02:00","checksum":"103445566102"} _2librisxl |
||
| 887 |
_a{"@id":"glt5vg8m1b87r7m","modified":"2017-10-20T12:19:48+02:00","checksum":"114180354329"} _2librisxl |
||
| 887 |
_a{"@id":"z3bl9zx43wklhgh","modified":"2017-08-08T10:05:32+02:00","checksum":"86663953994"} _2librisxl |
||
| 887 |
_a{"@id":"7cl2gm6d35wcg4z","modified":"2018-04-16T14:07:27+02:00","checksum":"132214590074"} _2librisxl |
||
| 887 |
_a{"@id":"6f3lvctw400knktj","modified":"2018-07-02T18:13:30.865+02:00","checksum":"127087842611"} _2librisxl |
||
| 887 |
_a{"@id":"5ghpd2gf38wl96km","modified":"2019-07-01T08:44:43.214+02:00","checksum":"121137175327"} _2librisxl |
||
| 887 |
_a{"@id":"bpd4zg1v8sfsx4vv","modified":"2020-09-14T11:16:33.253+02:00","checksum":"117312174649"} _2librisxl |
||
| 887 |
_a{"@id":"2f7v165m0jk1p7xp","modified":"2020-10-09T14:16:17.077+02:00","checksum":"121832140883"} _2librisxl |
||
| 887 |
_a{"@id":"7ckcfdfd3kw9px6","modified":"2015-02-09T14:39:44+01:00","checksum":"129863053435"} _2librisxl |
||
| 887 |
_a{"@id":"5fb5n1d03zntd4q6","modified":"2018-09-04T15:02:14.923+02:00","checksum":"112727701281"} _2librisxl |
||
| 887 |
_a{"@id":"sx4tvvgz49hbgjx","modified":"2014-10-09T13:31:03+02:00","checksum":"88833812784"} _2librisxl |
||
| 887 |
_a{"@id":"8kmm2x0k6m7v80nb","modified":"2019-07-08T13:16:15.945+02:00","checksum":"121767364279"} _2librisxl |
||
| 887 |
_a{"@id":"s2ncg2bpqmktgw00","modified":"2019-03-20T16:34:01.729+01:00","checksum":"85726371700"} _2librisxl |
||
| 887 |
_a{"@id":"3g3slwbv1w919580","modified":"2020-08-27T17:16:20.856+02:00","checksum":"127673364357"} _2librisxl |
||
| 887 |
_a{"@id":"5hrzr50t3n6zq7t1","modified":"2020-05-19T08:01:18.974+02:00","checksum":"122996146516"} _2librisxl |
||
| 887 |
_a{"@id":"kpxc6h6q3r78l41","modified":"2018-03-02T12:10:45+01:00","checksum":"137813397056"} _2librisxl |
||
| 887 |
_a{"@id":"p2q6hclbmk0w8v3x","modified":"2020-09-03T13:16:20.755+02:00","checksum":"81928541523"} _2librisxl |
||
| 887 |
_a{"@id":"z3bhpph40vpb83n","modified":"2017-02-20T14:04:57+01:00","checksum":"170031203208"} _2librisxl |
||
| 887 |
_a{"@id":"fqrmzbrscx8ht2lh","modified":"2019-07-01T11:16:30.834+02:00","checksum":"126058981392"} _2librisxl |
||
| 887 |
_a{"@id":"04c8zs7535254mq","modified":"2016-01-20T19:37:42+01:00","checksum":"118254217189"} _2librisxl |
||
| 887 |
_a{"@id":"mxhz5jxckpdgbdqd","modified":"2019-11-11T17:16:13.678+01:00","checksum":"84913175733"} _2librisxl |
||
| 887 |
_a{"@id":"59jh7wtb34ssfvr","modified":"2016-04-11T12:03:44+02:00","checksum":"128340714431"} _2librisxl |
||
| 887 |
_a{"@id":"04c5nm75542gpm8","modified":"2015-06-18T09:18:34+02:00","checksum":"114613374229"} _2librisxl |
||
| 887 |
_a{"@id":"pt29gwrv3v0q040","modified":"2017-05-23T18:53:26+02:00","checksum":"89299335535"} _2librisxl |
||
| 887 |
_a{"@id":"48g5rph943h6f8l","modified":"2014-09-05T09:09:49+02:00","checksum":"97779348998"} _2librisxl |
||
| 887 |
_a{"@id":"p1swq20dmwvn7jjh","modified":"2020-01-08T12:16:31.616+01:00","checksum":"85894730205"} _2librisxl |
||
| 887 |
_a{"@id":"fkrk6jsl2k7k6b6","modified":"2015-03-27T09:33:28+01:00","checksum":"130743177253"} _2librisxl |
||
| 887 |
_a{"@id":"mrzrbs2s1jbf27s","modified":"2015-03-20T08:22:04+01:00","checksum":"105528983964"} _2librisxl |
||
| 887 |
_a{"@id":"hmv43gnn0371crn","modified":"2017-08-17T11:04:54+02:00","checksum":"93536070257"} _2librisxl |
||
| 887 |
_a{"@id":"lvglrdvbjbg1cxv3","modified":"2019-02-28T16:16:21.76+01:00","checksum":"99559222028"} _2librisxl |
||
| 887 |
_a{"@id":"w18p63425fd02zz","modified":"2018-01-31T16:36:26+01:00","checksum":"79301375978"} _2librisxl |
||
| 887 |
_a{"@id":"7clg3rxd4gxjnp3","modified":"2015-11-27T10:02:56+01:00","checksum":"132248990822"} _2librisxl |
||
| 887 |
_a{"@id":"tz6679r01kmzgrc","modified":"2020-01-09T08:52:21.858+01:00","checksum":"84764213646"} _2librisxl |
||
| 887 |
_a{"@id":"8lf7xht76n7q110d","modified":"2020-01-23T14:16:20.16+01:00","checksum":"117998807494"} _2librisxl |
||
| 887 |
_a{"@id":"qv2r6scw5h1jwnj","modified":"2014-08-22T11:26:42+02:00","checksum":"92743796518"} _2librisxl |
||
| 887 |
_a{"@id":"7clj7jpd29cbdd4","modified":"2016-02-19T08:02:35+01:00","checksum":"136700129891"} _2librisxl |
||
| 887 |
_a{"@id":"8jk820kx61mtc22f","modified":"2018-10-09T09:02:15.759+02:00","checksum":"105545029345"} _2librisxl |
||
| 887 |
_a{"@id":"jnw98ztp4mc2l09","modified":"2020-10-01T17:17:15.245+02:00","checksum":"97738456559"} _2librisxl |
||
| 887 |
_a{"@id":"p1tjvk17md2zthhx","modified":"2020-01-22T08:02:17.366+01:00","checksum":"79536193221"} _2librisxl |
||
| 887 |
_a{"@id":"9khcs6xp7ftg4v12","modified":"2018-09-13T15:02:52.334+02:00","checksum":"109790135900"} _2librisxl |
||
| 887 |
_a{"@id":"pt2dlh6v53cfj6v","modified":"2017-11-10T12:48:32+01:00","checksum":"83762226767"} _2librisxl |
||
| 887 |
_a{"@id":"4g7whgw22d67bx14","modified":"2020-01-13T09:16:16.507+01:00","checksum":"133422071554"} _2librisxl |
||
| 887 |
_a{"@id":"8dmnls3f3qslx4z","modified":"2016-06-07T14:13:58+02:00","checksum":"150139082113"} _2librisxl |
||
| 887 |
_a{"@id":"gltsg3hm2km4pb9","modified":"2016-04-08T15:55:15+02:00","checksum":"97195150296"} _2librisxl |
||
| 887 |
_a{"@id":"fks7jpsl3158pbc","modified":"2018-03-28T10:47:12+02:00","checksum":"136753428235"} _2librisxl |
||
| 887 |
_a{"@id":"48h9jpk9096x4w5","modified":"2015-06-17T16:44:09+02:00","checksum":"122822063039"} _2librisxl |
||
| 942 |
_2z _cBOOK |
||